Statistical yearbook Thailand 2000

Salvato in:
Dettagli Bibliografici
Natura: Libro
Lingua:inglese
thailandese
Pubblicazione: Bangkok National Statistical Office 2001
Soggetti:
Tags: Aggiungi Tag
Nessun Tag, puoi essere il primo ad aggiungerne!!

MARC

LEADER 00000nam a2200000 4500
001 c129281
005 20250512092628.3
020 |a 974-238-443-6 
041 0 |a eng 
041 0 |a tha 
044 |a TH 
245 1 0 |a Statistical yearbook Thailand 2000 
264 1 |a Bangkok  |b National Statistical Office  |c 2001 
300 |a 456 s. 
610 2 0 |a Thajsko